<?xml version="1.0" encoding="UTF-8"?>
<record
    xmlns:xsi="http://www.w3.org/2001/XMLSchema-instance"
    xsi:schemaLocation="http://www.loc.gov/MARC21/slim http://www.loc.gov/standards/marcxml/schema/MARC21slim.xsd"
    xmlns="http://www.loc.gov/MARC21/slim">

  <leader>01370nam0a22003251  4500</leader>
  <controlfield tag="001">rc\3576650</controlfield>
  <controlfield tag="005">20260407050025.0</controlfield>
  <datafield tag="021" ind1=" " ind2=" ">
    <subfield code="a">RU</subfield>
    <subfield code="b">[72-83286]</subfield>
  </datafield>
  <datafield tag="035" ind1=" " ind2=" ">
    <subfield code="a">(NLR Aleph) 007802733</subfield>
  </datafield>
  <datafield tag="090" ind1=" " ind2=" ">
    <subfield code="a">7688077</subfield>
    <subfield code="c">7688077</subfield>
  </datafield>
  <datafield tag="100" ind1=" " ind2=" ">
    <subfield code="a">20130115d1972    |||y0rusy50      ca</subfield>
  </datafield>
  <datafield tag="101" ind1="0" ind2=" ">
    <subfield code="a">rus</subfield>
  </datafield>
  <datafield tag="102" ind1=" " ind2=" ">
    <subfield code="a">RU</subfield>
  </datafield>
  <datafield tag="105" ind1=" " ind2=" ">
    <subfield code="a">ab  z   |||||</subfield>
  </datafield>
  <datafield tag="200" ind1="1" ind2=" ">
    <subfield code="a">&#x41F;&#x435;&#x434;&#x43E;&#x431;&#x438;&#x43E;&#x43B;&#x43E;&#x433;&#x438;&#x447;&#x435;&#x441;&#x43A;&#x430;&#x44F; &#x445;&#x430;&#x440;&#x430;&#x43A;&#x442;&#x435;&#x440;&#x438;&#x441;&#x442;&#x438;&#x43A;&#x430; &#x442;&#x438;&#x43F;&#x438;&#x447;&#x43D;&#x44B;&#x445; &#x431;&#x43E;&#x43B;&#x43E;&#x442; &#x41B;&#x438;&#x442;&#x43E;&#x432;&#x441;&#x43A;&#x43E;&#x439; &#x421;&#x421;&#x420;</subfield>
    <subfield code="f">&#x410;&#x41D; &#x41B;&#x438;&#x442;&#x421;&#x421;&#x420;. &#x418;&#x43D;-&#x442; &#x437;&#x43E;&#x43E;&#x43B;&#x43E;&#x433;&#x438;&#x438; &#x438; &#x43F;&#x430;&#x440;&#x430;&#x437;&#x438;&#x442;&#x43E;&#x43B;&#x43E;&#x433;&#x438;&#x438;</subfield>
  </datafield>
  <datafield tag="210" ind1=" " ind2=" ">
    <subfield code="a">&#x412;&#x438;&#x43B;&#x44C;&#x43D;&#x44E;&#x441;</subfield>
    <subfield code="c">&#x41C;&#x438;&#x43D;&#x442;&#x438;&#x441;</subfield>
    <subfield code="d">1972</subfield>
  </datafield>
  <datafield tag="215" ind1=" " ind2=" ">
    <subfield code="a">247 &#x441;., 1 &#x43B;. &#x447;&#x435;&#x440;&#x442;.</subfield>
    <subfield code="c">&#x447;&#x435;&#x440;&#x442;., &#x43A;&#x430;&#x440;&#x442;.</subfield>
    <subfield code="d">22</subfield>
  </datafield>
  <datafield tag="300" ind1=" " ind2=" ">
    <subfield code="a">&#x41D;&#x430; 7-&#x439; &#x441;.: &#x43F;&#x43E;&#x434;&#x433;&#x43E;&#x442;. &#x421;.&#x421;. &#x42D;&#x439;&#x442;&#x43C;&#x430;&#x43D;&#x430;&#x432;&#x438;&#x447;&#x44E;&#x441;, &#x42E;.&#x42E;. &#x41C;&#x430;&#x43B;&#x44C;&#x446;&#x44E;&#x441;, &#x418;.&#x421;. &#x42D;&#x439;&#x442;&#x43C;&#x438;&#x43D;&#x430;&#x432;&#x438;&#x447;&#x44E;&#x442;&#x435; &#x438; &#x434;&#x440;.</subfield>
  </datafield>
  <datafield tag="300" ind1=" " ind2=" ">
    <subfield code="a">&#x420;&#x435;&#x437;. &#x43D;&#x430; &#x43B;&#x438;&#x442;&#x43E;&#x432;. &#x438; &#x430;&#x43D;&#x433;&#x43B;. &#x44F;&#x437;.</subfield>
  </datafield>
  <datafield tag="320" ind1=" " ind2=" ">
    <subfield code="a">&#x421;&#x43F;&#x438;&#x441;&#x43A;&#x438; &#x43B;&#x438;&#x442;. &#x432; &#x43A;&#x43E;&#x43D;&#x446;&#x435; &#x440;&#x430;&#x437;&#x434;&#x435;&#x43B;&#x43E;&#x432;</subfield>
  </datafield>
  <datafield tag="606" ind1=" " ind2=" ">
    <subfield code="a">&#x411;&#x43E;&#x43B;&#x43E;&#x442;&#x430;</subfield>
    <subfield code="y">&#x41B;&#x438;&#x442;&#x421;&#x421;&#x420;</subfield>
    <subfield code="2">psbo</subfield>
  </datafield>
  <datafield tag="702" ind1=" " ind2="1">
    <subfield code="a">&#x41C;&#x430;&#x43B;&#x44C;&#x446;&#x44E;&#x441;</subfield>
    <subfield code="b">&#x42E;.&#x42E;.</subfield>
    <subfield code="4">570</subfield>
  </datafield>
  <datafield tag="702" ind1=" " ind2="1">
    <subfield code="a">&#x42D;&#x439;&#x442;&#x43C;&#x430;&#x43D;&#x430;&#x432;&#x438;&#x447;&#x44E;&#x441;</subfield>
    <subfield code="b">&#x421;.&#x421;.</subfield>
    <subfield code="4">570</subfield>
  </datafield>
  <datafield tag="702" ind1=" " ind2="1">
    <subfield code="a">&#x42D;&#x439;&#x442;&#x43C;&#x438;&#x43D;&#x430;&#x432;&#x438;&#x447;&#x44E;&#x442;&#x435;</subfield>
    <subfield code="b">&#x418;.&#x421;.</subfield>
    <subfield code="4">570</subfield>
  </datafield>
  <datafield tag="712" ind1="0" ind2="2">
    <subfield code="a">&#x418;&#x43D;&#x441;&#x442;&#x438;&#x442;&#x443;&#x442; &#x437;&#x43E;&#x43E;&#x43B;&#x43E;&#x433;&#x438;&#x438; &#x438; &#x43F;&#x430;&#x440;&#x430;&#x437;&#x438;&#x442;&#x43E;&#x43B;&#x43E;&#x433;&#x438;&#x438;</subfield>
    <subfield code="c">&#x412;&#x438;&#x43B;&#x44C;&#x43D;&#x44E;&#x441;</subfield>
    <subfield code="3">RU\NLR\AUTH\8810018954</subfield>
    <subfield code="9">535795</subfield>
  </datafield>
  <datafield tag="801" ind1=" " ind2="0">
    <subfield code="a">RU</subfield>
    <subfield code="b">NLR</subfield>
    <subfield code="g">psbo</subfield>
  </datafield>
  <datafield tag="801" ind1=" " ind2="1">
    <subfield code="a">RU</subfield>
    <subfield code="b">ELAR</subfield>
    <subfield code="2">rusmarc</subfield>
  </datafield>
  <datafield tag="852" ind1=" " ind2=" ">
    <subfield code="a">NLR</subfield>
    <subfield code="j">72-5/3817</subfield>
  </datafield>
  <datafield tag="942" ind1=" " ind2=" ">
    <subfield code="c">BOOK</subfield>
  </datafield>
  <datafield tag="980" ind1=" " ind2=" ">
    <subfield code="a">NB</subfield>
  </datafield>
  <datafield tag="995" ind1=" " ind2=" ">
    <subfield code="5">2013-10-26</subfield>
    <subfield code="b">NLR01</subfield>
    <subfield code="c">NLR01</subfield>
    <subfield code="e">RF91</subfield>
    <subfield code="f">7802733-10</subfield>
    <subfield code="k">72-5/3817</subfield>
    <subfield code="o">0</subfield>
    <subfield code="r">BOOK</subfield>
    <subfield code="s">7253817_</subfield>
  </datafield>
</record>
